Prometheus: texto atlas de anatomía, cabeza y neuroanatomía (Registro nro. 584)
[ vista simple ]
| 000 -Cabecera | |
|---|---|
| Campo de control de longitud fija | 01322aam a2200481 4500 |
| 005 - Fecha y hora de la última transacción | |
| Campo de control | 20241127193649.0 |
| 008 - Elementos de longitud fija--Información general | |
| Campo de control de longitud fija | 150818b2008 ag ||||| |||| 00| 0 spa d |
| 020 ## - International Standard Book Number | |
| Número Internacional Estándar del Libro (ISBN) | 9788479039790 |
| 041 ## - Idioma | |
| Código de idioma | Español |
| 082 ## - Clasificación Decimal Dewey | |
| Número de clasificación | 611 S437p |
| 100 ## - Entrada principal--Autor personal | |
| Nombre personal | Schünke, Michael |
| 9 (RLIN) | 18762 |
| 100 ## - Entrada principal--Autor personal | |
| Nombre personal | Schulte, Erick |
| 9 (RLIN) | 18763 |
| 100 ## - Entrada principal--Autor personal | |
| Nombre personal | Schumacher, Udo |
| 9 (RLIN) | 18764 |
| 245 ## - Título propiamente dicho | |
| Título | Prometheus: texto atlas de anatomía, cabeza y neuroanatomía |
| 260 ## - Pie de imprenta | |
| Lugar de publicación, distribución, etc. | Argentina |
| 260 ## - Pie de imprenta | |
| Nombre del editor, distribuidor, etc. | Editorial Médica Panamericana |
| 260 ## - Pie de imprenta | |
| Fecha de publicación, distribución, etc. | 2008 |
| 300 ## - Descripción física | |
| Extensión | 413 páginas |
| 300 ## - Descripción física | |
| Otras características físicas | Ilustraciones a color |
| 650 ## - Materia general | |
| Temática (materia general) | ANATOMÍA HUMANA |
| 650 ## - Materia general | |
| Temática (materia general) | CABEZA |
| 650 ## - Materia general | |
| Temática (materia general) | HUESOS DEL CRÁNEO |
| 650 ## - Materia general | |
| Temática (materia general) | MUSCULATURA |
| 650 ## - Materia general | |
| Temática (materia general) | SISTEMÁTICA DE LOS VASOS |
| 650 ## - Materia general | |
| Temática (materia general) | SISTEMÁTICA DE LOS NERVIOS CRANEALES |
| 650 ## - Materia general | |
| Temática (materia general) | TOPOGRAFÍA |
| 650 ## - Materia general | |
| Temática (materia general) | CAVIDAD BUCAL |
| 650 ## - Materia general | |
| Temática (materia general) | NARIZ |
| 650 ## - Materia general | |
| Temática (materia general) | OJOS |
| 650 ## - Materia general | |
| Temática (materia general) | MENINGES ENCEFÁLICAS |
| 650 ## - Materia general | |
| Temática (materia general) | LIQUIDO CEFALORRAQUÍDEO |
| 650 ## - Materia general | |
| Temática (materia general) | TELENCÉFALO |
| 650 ## - Materia general | |
| Temática (materia general) | DIENCÉFALO |
| 650 ## - Materia general | |
| Temática (materia general) | TRONCO DEL ENCÉFALO |
| 650 ## - Materia general | |
| Temática (materia general) | CEREBELO |
| 650 ## - Materia general | |
| Temática (materia general) | VASOS SANGUÍNEOS ENCEFÁLICOS |
| 650 ## - Materia general | |
| Temática (materia general) | MÉDULA ESPINAL |
| 650 ## - Materia general | |
| Temática (materia general) | SISTEMA NERVIOSO VEGETATIVO |
| 650 ## - Materia general | |
| Temática (materia general) | SISTEMAS FUNCIONALES |
| 650 ## - Materia general | |
| Temática (materia general) | RELACIONES CLÍNICAS |
| 942 ## - Punto de acceso adicional KOHA | |
| Tipo de ítem KOHA | Libro |
| Fuente del sistema de clasificación o colocación | Dewey Decimal Classification |
| Signatura completa | Código de barras | Programa Académico | Tipo de ítem |
|---|---|---|---|
| 611 S437p | 16639 | Mecánica Dental | Libro |